=LDR 00000nam 2200000 4500 =001 INLIS000000000810192 =005 20251109105114 =035 ##$$a 0010-1125000046 =245 ##$$a Hisnul Muslim Doa dan Wirid /$c Syaikh Sa’id bin Wahf Al-Qahthani =300 ##$$a ;14 x 20.5 ; $c xviii + 174 hlm. =260 ##$$a Solo :$b At-Tibyan,$c 2011 =082 ##$$a 297.382 =084 ##$$a 297.382 QAH h